Quiz sur le Nord (Département ) - Statistiques

Statistiques générales
  • Ce quiz a été pris 122 fois
  • Le résultat moyen est 7 sur 9
Statistiques - réponses
Hint Réponse % Correct
Capitale et plus grande ville Lille
99%
Pays France
96%
Région Hauts-de-France
94%
Plus grande ville portuaire Dunkerque
93%
Langue Régionale Chti
88%
Deuxième ville la plus peuplée Roubaix
86%
Code Insee 59
67%
Population (Arrondie) 2600000
20%
Superficie (Arrondie) 5743
10%
Aucun quiz correspondant
Distribution des résultats
% des personnes avec chaque résultat
Percentile par nombre de réponses
Votre historique - résultats
Vous n’avez pas pris ce quiz